00558nmm a2200169Ia 4500008004100000020001500041041000800056100002400064245010200088264005900190300001800249490001800267650002900285856005000314942000700364999001700371251105s9999||||xx |||||||||||||||||und|| a8497491890 aglg aDe Gabriel, Narciso 0aLer e escribir en Galicia :b A alfabetización dos galegos e das galegas nos séculos XIX e XX a[Madrid, España] :bUniversidade da Coruña, c2006 a408 páginas aMonografías aRomance language studies uhttps://public.digitaliapublishing.com/a/1117 cCF c74260d74260